Estatísticas para Campeões da Copa MX

Clique aqui para jogar o quiz

Estatísticas Gerais

  • Esse quiz foi jogado 6 vezes
  • A pontuação média é 10 de 14

Estatísticas das Respostas

TemporadaCampeão% Correto
Apertura 2015 | Clausura 2017Guadalajara
100%
Apertura 2018 | Clausura 2013Cruz Azul
100%
Apertura 2017Monterrey
100%
Clausura 2019América
100%
Clausura 2014Tigres UANL
83%
Apertura 2014Santos Laguna
83%
Clausura 2018Necaxa
67%
Apertura 2013Morelia
50%
Clausura 2016Veracruz
50%
Apertura 2012Dorados de Sinaloa
33%
Clausura 2015Puebla
33%
Apertura 2016Querétaro
33%

Distribuição das Pontuações

Percentil de Números Respondidos

Porcentagem de Pessoas com Cada Pontuação

Sua Pontuação Histórica

Você não jogou esse quiz